000 00467nam a2200217Ia 4500
001 13310
003 GE_BSU
008 181216s||||||||xx |||||||||||||| ||und||
020 _a9781860499760
040 _cGE_BSU
080 _a821.111-32
100 _aLansens,Lori.
245 _aRush home road.
245 2 _bA novel.
260 _aLondon.
260 _bVirago.
260 _c2002
300 _a439p;18cm.
653 _aRush home road.A novel.
942 _cBK
999 _c46472
_d46472